Characterization of the Citrus genome through analysis of restriction fragment length polymorphisms (Record no. 55448)

MARC details
000 -LEADER
fixed length control field 00487nam a2200169Ia 4500
100 ## - MAIN ENTRY--AUTHOR NAME
Personal name Liou P C
245 #0 - TITLE STATEMENT
Title Characterization of the Citrus genome through analysis of restriction fragment length polymorphisms
260 ## - PUBLICATION, DISTRIBUTION, ETC. (IMPRINT)
Name of publisher Theoretical and Applied Genetics
Year of publication 1996
300 ## - PHYSICAL DESCRIPTION
Number of Pages 425-435
650 ## - SUBJECT ADDED ENTRY--TOPICAL TERM
Topical Term Fruit breeding
650 ## - SUBJECT ADDED ENTRY--TOPICAL TERM
Topical Term Molecular markers
650 ## - SUBJECT ADDED ENTRY--TOPICAL TERM
Topical Term RFLP
700 ## - ADDED ENTRY--PERSONAL NAME
Personal name Gmitter F G
700 ## - ADDED ENTRY--PERSONAL NAME
Personal name Moore G A
942 ## - ADDED ENTRY ELEMENTS (KOHA)
Koha item type Journals
Holdings
Withdrawn status Lost status Damaged status Not for loan Home library Current library Shelving location Date acquired Serial Enumeration / chronology Koha item type
      Journals RRII Library RRII Library RFLP 17/12/2021 Volume 92, Issue 04-Mar Journals